Process Modelling and Simulation with Finite Element Methods

Gespeichert in:
Bibliographische Detailangaben
1. Verfasser: Zimmerman, William B.J
Format: Buch
Sprache:Englisch
Veröffentlicht: New Jersey World Scientific 2005
Ausgabe:1st ed.
Schriftenreihe:Series on stability, vibration and control of systems, Series A, Vol.15
Schlagworte:
Online-Zugang:Im OPAC anzeigen
Tags: Tag hinzufügen
Keine Tags, Fügen Sie das erste Tag hinzu!

MARC

LEADER 00000nam a2200000 a 4500
005 20260127134003.0
008 051215 2005 xxu 000 0 eng d
020 |a 9812387935 
035 |a vtls008418856 
039 9 |y 200512151228  |z mschk03 
040 |a STUSCHK1  |b slo  |c STUSCHK1  |e AACR2 
100 1 |a Zimmerman, William B.J. 
245 1 |a Process Modelling and Simulation with Finite Element Methods 
250 |a 1st ed. 
260 |a New Jersey  |b World Scientific  |c 2005 
300 |a xii, 382 p. 
490 0 |a Series on stability, vibration and control of systems, Series A, Vol.15 
650 0 |a chemické inžinierstvo  |x simulácia pomocou MATLAB/FEMLAB 
910 |a SCHK95 
919 |a 981-238-793-5 
999 |c 1536  |d 1536